Statistics for Guess The Country Based Of The World War 2 Flag

Click here to take the quiz!

General Stats

  • This quiz has been taken 12 times
  • The average score is 6 of 12

Answer Stats

Answer% Correct
Iceland
73%
Spain
73%
China
64%
Guam
64%
India
45%
South Africa
45%
Fiji
36%
Guatemala
36%
Hong Kong
36%
Uzbekistan
36%
Indochina
27%
Jamaica
27%

Score Distribution

Percentile by Number Answered

Percent of People with Each Score

Your Score History

You have not taken this quiz